[Event "IECG CN.2001.0.00265"]
[Site "IECG email"]
[Date "2001.10.12"]
[Round "?"]
[White "Johansson, Fredrik"]
[Black "Butcher, Robert Evan Sr"]
[Result "0-1"]
[WhiteElo "800"]
[BlackElo "800"]
[PlyCount "86"]
[EventDate "2001.10.12"]
[EventType "tourn (corr)"]
[EventRounds "6"]
[SourceTitle "Corr 2008"]
[Source "ChessBase"]
[SourceDate "2008.06.24"]
[SourceVersion "1"]
[SourceVersionDate "2008.06.24"]
[SourceQuality "1"]

1. e4 e5 2. Nf3 Nc6 3. Bb5 Bc5 4. c3 Nf6 5. d3 a6 6. Bxc6 dxc6 7. Nxe5 b5 8. 0-0 a5 9. Nxc6 Qd7 10. Ne5 Qe6 11. Nf3 Ng4 12. d4 Bb6 13. Ng5 Qc6 14. Nd2 0-0 15. h3 Nf6 16. Re1 Nh5 17. Qxh5 Qg6 18. Qh4 h6 19. Ngf3 c6 20. Ne5 Qe6 21. Ndf3 Bd8 22. Qh5 Kh7 23. Rd1 Bf6 24. d5 cxd5 25. Rxd5 Bb7 26. Rd4 Rfd8 27. Rxd8 Rxd8 28. Nd4 Rxd4 29. cxd4 Bxe4 30. f3 Bg6 31. Qg4 Bf5 32. Qg3 b4 33. a3 Qb3 34. Bd2 bxa3 35. bxa3 Qb2 36. Qe1 Qxd4+ 37. Kh1 Bxe5 38. Rc1 Bb8 39. g4 Qd6 40. Kg2 Qh2+ 41. Kf1 Bd3+ 42. Qe2 Qxe2+ 43. Kg1 Qh2# 0-1